[Event "Toussaint op 1st"]
[Site "Lille"]
[Date "2012.11.06"]
[Round "3"]
[White "Vidon, Damien"]
[Black "Renard, Stephane"]
[Result "0-1"]
[WhiteElo "1612"]
[BlackElo "1963"]
[PlyCount "124"]
[EventDate "2012.11.05"]
[EventType "swiss"]
[EventRounds "7"]
[EventCountry "FRA"]
[SourceTitle "EXT 2020"]
[Source "ChessBase"]
[SourceDate "2019.10.17"]
[SourceVersion "1"]
[SourceVersionDate "2019.10.17"]
[SourceQuality "1"]

1. e4 c5 2. d4 cxd4 3. c3 d5 4. exd5 Qxd5 5. cxd4 Nc6 6. Be3 e6 7. Nf3 Nf6 8. Nc3 Qa5 9. Bd3 Bd6 10. 0-0 0-0 11. Nb5 Bb8 12. a3 a6 13. b4 Qd8 14. Nc3 b5 15. Ne4 Nxe4 16. Bxe4 Bb7 17. Rc1 Qd7 18. Ng5 h6 19. Qh5 f5 20. Bxc6 Bxc6 21. Nf3 Qd5 22. Rxc6 Qxc6 23. Rc1 Qe8 24. Qh4 Bd6 25. Ne5 Bxe5 26. dxe5 Rc8 27. Bc5 Rf7 28. h3 Rd7 29. Rc3 Qd8 30. Qg3 Rd1+ 31. Kh2 Qd2 32. Rf3 Qc1 33. Qg6 Rh1+ 34. Kg3 Qg5+ 35. Qxg5 hxg5 36. Rd3 Ra1 37. f3 Ra2 38. Kh2 a5 39. Kg1 Re2 40. Re3 Rxe3 41. Bxe3 Rc3 42. Bxg5 Rxa3 43. bxa5 Rxa5 44. Kf1 Ra2 45. Be7 Kf7 46. Bd6 Ke8 47. h4 g6 48. Bc5 Kd7 49. g4 fxg4 50. fxg4 Ra4 51. h5 gxh5 52. gxh5 Rh4 53. h6 Rxh6 54. Ke2 Rh3 55. Kd2 Kc6 56. Bd6 Kd5 57. Kc2 Kc4 58. Kb2 b4 59. Kc2 Rh2+ 60. Kb1 b3 61. Kc1 b2+ 62. Kb1 Kb3 0-1

[Event "Ille et Vilaine-ch 1112"]
[Site "Ile et Vilaine"]
[Date "2011.12.03"]
[Round "3.21"]
[White "Brault, Gabriel"]
[Black "Vidon, Damien"]
[Result "0-1"]
[WhiteElo "1420"]
[BlackElo "1559"]
[PlyCount "44"]
[EventDate "2012.10.??"]
[EventType "swiss"]
[EventRounds "7"]
[EventCountry "FRA"]
[SourceTitle "EXT 2014"]
[Source "ChessBase"]
[SourceDate "2013.11.20"]
[SourceVersion "1"]
[SourceVersionDate "2013.11.20"]
[SourceQuality "1"]

1. e4 d6 2. f4 Nf6 3. d3 g6 4. Nc3 c6 5. Be2 Bg7 6. Nf3 Bg4 7. 0-0 0-0 8. d4 b5 9. d5 b4 10. Na4 Nxe4 11. Qd3 Bf5 12. Nd4 Nc5 13. Qc4 Nxa4 14. Nxc6 Nxc6 15. Qxc6 Qb6+ 16. Qxb6 axb6 17. a3 Nxb2 18. Bxb2 Bxb2 19. Ra2 bxa3 20. Bd1 Be4 21. c4 Bd3 22. Rf2 Bd4 0-1

[Event "Ille et Vilaine-ch 1112"]
[Site "Ile et Vilaine"]
[Date "2011.10.08"]
[Round "1.8"]
[White "Le Cabellec, Loic"]
[Black "Vidon, Damien"]
[Result "1/2-1/2"]
[WhiteElo "1757"]
[BlackElo "1539"]
[PlyCount "168"]
[EventDate "2012.10.??"]
[EventType "swiss"]
[EventRounds "7"]
[EventCountry "FRA"]
[SourceTitle "EXT 2014"]
[Source "ChessBase"]
[SourceDate "2013.11.20"]
[SourceVersion "1"]
[SourceVersionDate "2013.11.20"]
[SourceQuality "1"]

1. d4 Nf6 2. e3 g6 3. Bd3 Bg7 4. f4 d6 5. Nc3 c5 6. d5 e6 7. Bb5+ Bd7 8. dxe6 Bxb5 9. exf7+ Kxf7 10. Nxb5 Qa5+ 11. Nc3 Rd8 12. Nf3 d5 13. Ng5+ Kg8 14. 0-0 Rd6 15. Qf3 Nc6 16. a3 h6 17. Nh3 Re8 18. Rb1 d4 19. Ne2 d3 20. cxd3 Rxd3 21. Nf2 Rb3 22. Nc3 Qb6 23. Nd5 Nxd5 24. Qxd5+ Kh7 25. Ne4 c4 26. Nf6+ Bxf6 27. Qf7+ Bg7 28. Qxe8 c3 29. Qe4 cxb2 30. Bd2 Rxa3 31. f5 Ne5 32. fxg6+ Nxg6 33. h4 Kg8 34. Qc4+ Kh8 35. h5 Ne5 36. Qe4 Qb3 37. Kh1 Ra4 38. Qf5 Rh4+ 39. Kg1 Ng4 40. Qc5 Qd3 41. Qc8+ Kh7 42. Qf5+ Qxf5 43. Rxf5 Kg8 44. Rc5 b6 45. Rc8+ Kh7 46. Rc7 Kg8 47. Rxa7 Rxh5 48. Rc7 Rc5 49. Re7 Rc2 50. Rd7 Ne5 51. Rd8+ Kf7 52. Bb4 Nc4 53. Kh2 Rc1 54. Rd1 Rc2 55. Rf1+ Kg6 56. Rfe1 Nd2 57. Bxd2 Rxd2 58. Kg3 Bc3 59. Kf3 Rc2 60. Red1 b5 61. g3 b4 62. e4 Kf6 63. Ke3 Be5 64. Kf3 Rc3+ 65. Ke2 Rxg3 66. Rf1+ Ke6 67. Rf2 Bd4 68. Rf3 Rg1 69. Rxg1 Bxg1 70. Rb3 Bd4 71. Rxb4 Be5 72. Kf3 Kf6 73. Kg4 Bc3 74. Rb3 Ke5 75. Kf3 h5 76. Ke3 Ke6 77. Kd3 Bh8 78. Rb5 h4 79. Kc2 h3 80. Rh5 Bd4 81. Rxh3 Ke5 82. Rh4 Kf6 83. Rh5 Be5 84. Rf5+ Ke6 1/2-1/2